LEADER 01459nam a2200301 u 4500 001 000000007778 003 CaOOAMICUS 005 20070226105024.0 008 941110s1973 gw af u000 u ger u 035 $a10203602 040 $aPUL$bita 100 1 $aHärdelin, Alf.$0(OLS)http://pul/name/7768 245 10$aAquae et vini mysterium :$bGeheimnis der Erlösung und Geheimnis der Kirche im Spiegel der mittelalterlichen Auslegung des gemischten Kelches /$cvon Alf Härdelin. 260 $aMünster :$bAschendorff,$cc1973. 300 $axv, 140 p., [2] p. di tav. :$bill. ;$c23 cm 490 1 $aLiturgiewissenschaftliche Quellen und Forschungen ;$vHft. 57 504 $a"Quellen- und Literaturverzeichnis": p. [vii]-xv. 650 4$aEucaristia.$0(OLS)http://pul/subject/1539 650 4$aSimbolismo cristiano.$0(OLS)http://pul/subject/2212 830 0$aLiturgiewissenschaftliche Quellen und Forschungen ;$vHft. 57.$0(OLS)http://pul/title/953 850 $aPUL 852 $aPUL$W1$xDP2 Religione 1$y63$m11 R 57$j11024$nBK-PRI$b $qStampati$B11024$CPULBib$Z2$F11024 $81 941 1 $a8 960 $aEucarestia$91539 960 $aComunione (sacramento)$91539 961 $aINV: 88060 996 $6245$aAquae et vini mysterium :$bGeheimnis der Erlösung und Geheimnis der Kirche im Spiegel der mittelalterlichen Auslegung des gemischten Kelches$9(OLS)http://pul/title/11330 996 $6260$aMünster :$bAschendorff$9(OLS)http://pul/publisher/48290 LEADER 01350nam a2200325 a 4500 001 000000174894 003 CaOOAMICUS 005 20220112113538.0 008 220112t2004 it u000 u ita r 020 $a88-343-1983-4* 032 $aLibriCat 040 $aPUL$bita$dMCT 100 1 $aMengoni, Luigi.$0(OLS)http://pul/name/25431 245 13$aIl contratto di lavoro /$cLuigi Mengoni ; a cura di Mario Napoli. 260 $aMilano :$bVita e pensiero università,$c©2004. 300 $aXXIX, 153 p. ;$c22 cm 490 1 $aDiritto. Ricerche 504 $aBibliografia in nota. 650 4$aLavoro$xAspetti economici e sociali.$0(OLS)http://pul/subject/1142 700 1 $aNapoli, Mario,$d1915-1976.$0(OLS)http://pul/name/23561 830 0$aRicerche (Vita e Pensiero). $pDiritto.$0(OLS)http://pul/title/200205 850 $aPUL 852 $aPUL$W1$xDP1 Cons. Gen., Altre Classi 1$y22$m389 F 2$j199198$qStampati$B203861$CPULBib$Z2$F203861 $H135350 $82 941 1 $a8 983 0$aDiritto.$pRicerche (Vita e pensiero) 983 0$aV & P. Diritto. Ricerche. 996 $6020$a88-343-1983-4*$9(OLS)http://pul/number/168431 996 $6245$aIl contratto di lavoro$9(OLS)http://pul/title/216264 996 $6260$aMilano :$bVita e pensiero università$9(OLS)http://pul/publisher/73555